| 000 | 00432nam a2200157Ia 4500 | ||
|---|---|---|---|
| 008 | 210716s1997 xx 000 0 und d | ||
| 020 | _a8187105550 | ||
| 041 | _aeng | ||
| 082 | _a004.6071 JERN | ||
| 100 | _aJerke, Noel; Hatmaker, Michael; Anderson, Jonny. | ||
| 245 | _aVb script interactive course. | ||
| 250 | _a1 | ||
| 260 |
_aNew Delhi _bTechmedia _c1997 |
||
| 300 | _axviii,736,12 | ||
| 650 | _aVisual Programming(005.118) | ||
| 999 |
_c183513 _d183513 |
||